| 000 | 00584nam a22001817a 4500 | ||
|---|---|---|---|
| 003 | OSt | ||
| 005 | 20201030114712.0 | ||
| 008 | 199230b ||||| |||| 00| 0 eng d | ||
| 040 |
_aDO-SdBNP _bspa _cBNPHU |
||
| 082 |
_axxx _bA644s |
||
| 100 |
_aAponte Cotes, Bruno _977077 |
||
| 245 |
_aLa situaciòn de san Pedro de Macoris y reflexiòn sobre posibles soluciones / _cBruno Aponte Cotes |
||
| 260 |
_aEl Soco, San Pedro de Macoris : _bImprenta Romana, _c1992 |
||
| 300 |
_a56 p. _c22 cm |
||
| 590 | _aInventariado, 2020 / DG | ||
| 910 | _aInventariado, 2020 / DG | ||
| 942 |
_2ddc _cLBS1 |
||
| 999 |
_c48992 _d48992 |
||